[Event "Titled Tuesday intern op 28th May Early"]
[Site "Chess.com INT"]
[Date "2024.05.28"]
[Round "11"]
[White "Burmakin, Evgeniy"]
[Black "Arshiya, Das"]
[Result "1/2-1/2"]
[WhiteElo "2166"]
[BlackElo "1919"]
[PlyCount "157"]
[EventDate "2024.05.28"]
[EventType "swiss (blitz)"]
[EventRounds "11"]
[EventCountry "USA"]
[SourceTitle "EXT 2025"]
[Source "ChessBase"]
[SourceDate "2024.10.14"]
[SourceVersion "1"]
[SourceVersionDate "2024.10.14"]
[SourceQuality "1"]

1. c4 g6 2. Nc3 Bg7 3. g3 d6 4. Bg2 Nd7 5. d4 e5 6. dxe5 dxe5 7. e4 Ne7 8. Be3 0-0 9. Nge2 c6 10. 0-0 Qc7 11. c5 Nf6 12. Qd6 Ne8 13. Qxc7 Nxc7 14. Rad1 Be6 15. f4 Rfd8 16. h3 h5 17. Kh2 Na6 18. Rd6 Re8 19. Rfd1 Nc8 20. Rd8 Ne7 21. R8d2 Nb4 22. a3 Na6 23. b4 Nc7 24. Na4 Bb3 25. Nb2 Bxd1 26. Nxd1 Rad8 27. Nf2 Nb5 28. a4 Rxd2 29. Bxd2 Nd4 30. Nc3 Nc8 31. Nd3 f6 32. Kg1 Rd8 33. Kf2 Nb3 34. Ke3 Nxd2 35. Kxd2 Bh6 36. Ke3 Ne7 37. Bf1 exf4+ 38. gxf4 g5 39. fxg5 Bxg5+ 40. Kf3 Ng6 41. Nd1 Ne5+ 42. Nxe5 fxe5 43. Nb2 Kf7 44. Nc4 Kf6 45. Be2 Ke6 46. Nd6 Be7 47. Nxb7 Rb8 48. Na5 Kd7 49. b5 cxb5 50. Bxb5+ Ke6 51. c6 Bd8 52. Nb7 Ke7 53. Ke2 Rc8 54. Kd3 a6 55. Bxa6 Rxc6 56. Bb5 Rb6 57. Nc5 Rg6 58. Kc4 Rg3 59. Bd7 Bb6 60. Bf5 Bxc5 61. Kxc5 Ra3 62. Kb5 Rb3+ 63. Kc6 Ra3 64. Kb5 Rb3+ 65. Kc4 Ra3 66. Kb4 Ra1 67. a5 Rb1+ 68. Kc5 Ra1 69. Kb6 Rb1+ 70. Ka7 Kd6 71. a6 Kc6 72. Bg6 Kc7 73. Bxh5 Ra1 74. Bg6 Rh1 75. Bf5 Rh2 76. Bg4 Rh1 77. Bf5 Rh2 78. Bg4 Rh1 79. Bf5 1/2-1/2

[Event "Titled Tuesday intern op 28th May Early"]
[Site "Chess.com INT"]
[Date "2024.05.28"]
[Round "9"]
[White "Guzman Lozano, Campo Elias"]
[Black "Arshiya, Das"]
[Result "0-1"]
[WhiteElo "1868"]
[BlackElo "1919"]
[PlyCount "114"]
[EventDate "2024.05.28"]
[EventType "swiss (blitz)"]
[EventRounds "11"]
[EventCountry "USA"]
[SourceTitle "EXT 2025"]
[Source "ChessBase"]
[SourceDate "2024.10.14"]
[SourceVersion "1"]
[SourceVersionDate "2024.10.14"]
[SourceQuality "1"]

1. d4 Nf6 2. Bg5 d5 3. Nd2 e6 4. e3 Nbd7 5. Bd3 c5 6. c3 Bd6 7. f4 a6 8. Ngf3 b5 9. 0-0 Bb7 10. Ne5 h6 11. Nxd7 Kxd7 12. Bh4 Be7 13. Bf2 c4 14. Bc2 g5 15. Bg3 g4 16. f5 h5 17. fxe6+ fxe6 18. Be5 Qf8 19. e4 Qh6 20. Qe2 Raf8 21. exd5 Bxd5 22. Rae1 h4 23. Ne4 h3 24. g3 Rhg8 25. Bf4 Qh5 26. Nxf6+ Rxf6 27. a4 Bg2 28. Rf2 Qd5 29. axb5 axb5 30. Qe5 Rgf8 31. Qxd5+ Bxd5 32. Rfe2 Bd6 33. Be4 Bxf4 34. Bxd5 exd5 35. Re7+ Kd8 36. gxf4 Rxf4 37. Rb7 Rf2 38. Rb8+ Kd7 39. Rxf8 Rxf8 40. Re5 Kd6 41. Rg5 Ra8 42. Rxg4 Ra1+ 43. Kf2 Ra2 44. Rg6+ Kc7 45. Kg3 Rxb2 46. Kxh3 b4 47. cxb4 c3 48. Rg3 c2 49. Rc3+ Kb6 50. Kg4 Kb5 51. h4 Kxb4 52. Rc5 Kb3 53. h5 Rb1 54. h6 c1Q 55. Rxc1 Rxc1 56. Kg5 Rh1 57. Kg6 Kc4 0-1